LDR 00792naa#a2200181#i#450# 001 EN\\bibl\123445 005 20260705235215.7 011 ## _a1994-4683 100 ## _a20230731b2023####ek#y0engy0150####ca 102 ## _aRU 200 1# _aCOMPARATIVE ASSESSMENT OFPSYCHOLOGICAL VULNERABILITY OF STUDENTS OF SPORTS AND NON-SPORTS DIRECTIONS OF STUDY FOR PSYCHOACTIVE SUBSTANCES USE _eJournal article 210 1# _aMoscow _cNational State University of Physical Education, Sports and Health named after P.F. Lesgaft _d2023 215 ## _a5 с. 608 ## _aJournal article _2local 675 ## _aПсихологические исследования, опыты, эксперименты, тесты, измерения. 159.9.072 _z 700 #1 _aGubina _gYU V 700 #1 _aKozlov _gYU V 856 4# _auchzapiski.lesgaft.spb.ru _u